| 000 | 00930nam a2200277 i 4500 | ||
|---|---|---|---|
| 003 | EG-GICUC | ||
| 005 | 20260412120519.0 | ||
| 008 | 260412r1986 ke ||||fr|||| 000 0 eng d | ||
| 040 |
_aEG-GiCUC _beng _cEG-GiCUC _dEG-GiCUC _erda |
||
| 082 | 0 | 4 |
_221 _a341.28 _bRI . I |
| 092 | 0 | 4 | _221 |
| 099 | _aLaw1 11 341.28 RI . I 1986 | ||
| 100 | 1 |
_aRifaat,Ahmed M. _eAuthor. |
|
| 245 | 1 | 0 |
_aInternational Legality Of The Palestinian Cause: _bA Study Within The Role Of Non-Governmental Organizations / _cAhmed M.Rifaat. |
| 264 |
_aKenya: _bUnited Nations Nairobi , _c1986. |
||
| 300 |
_a19 Pages; _c24 cm. |
||
| 336 |
_2rda content _atext |
||
| 337 |
_2rda media _aComputer |
||
| 338 |
_2rda carrier _aOnline Resource |
||
| 546 | _aText in English | ||
| 650 | 1 | _aPublic International Law | |
| 650 | 1 | _aNon-Autonomous Regions | |
| 856 | 4 | 0 | _uhttps://fll.law.cu.edu.eg/fulltext/bks/B11-09720.pdf |
| 905 | _a59 | ||
| 942 |
_2ddc _cBK _e21 _n0 |
||
| 999 |
_c70196 _d70196 |
||